000 01246nam a2200325 i 4500
003 EG-GICUC
005 20260121101453.0
008 251211s1977 ua ||||fr|||| 00| 0 ara d
017 _a١٩٧٧/٢٠٦٥
020 _a977-1016-00-
040 _a EG-GICUC
_bara
_c EG-GICUC
_d EG-GICUC
_erda
041 0 _aara
082 0 4 _221
_a345.4
_bع ب . د
092 0 4 _221
099 _aLaw1 07 345.4 ع ب . د 1977
100 0 _aعبد الحميد كمال حسين
_eمؤلف.
245 1 0 _aدراسات في الوظيفة العامة :
_bفي النظام الفرنسي /
_cدكتور عبد الحميد كمال حسين.
264 1 _aالقاهرة :
_bدار النهضة العربية،
_c1977.
300 _a251 ؛صفحة
_c24 سم.
336 _2rda content
_atext
337 _2rda media
_aComputer
338 _2rda carrier
_aOnline Resource
504 _aيشتمل على إرجاعات ببليوجرافية.
546 _aالنص أغلبه باللغة العربية مع بعض النصوص الفرنسية
650 1 4 _aالوظيفة العامة
650 1 4 _aالقانون الإداري
856 4 0 _uhttps://fll.law.cu.edu.eg/fulltext/bks/B07-01403.pdf
905 _a32
_eYara
942 _2ddc
_cBK
_e21
_n0
999 _c49883
_d49883